Catálogo

LIBRO DEL AÑO 2011 (Registro nro. 56416)

Detalles MARC
000 -LEADER
fixed length control field 00727nam a2200181 a 4500
001 - CONTROL NUMBER
control field 56416
005 - DATE AND TIME OF LATEST TRANSACTION
control field 20180714052153.0
008 - FIXED-LENGTH DATA ELEMENTS--GENERAL INFORMATION
fixed length control field 140415s2011 sp 000 0 spa d
020 ## - INTERNATIONAL STANDARD BOOK NUMBER
International Standard Book Number 9788408471394
041 ## - LANGUAGE CODE
Language code of text/sound track or separate title spa
082 ## - DEWEY DECIMAL CLASSIFICATION NUMBER
Classification number 036
Item number ENC
245 00 - TITLE STATEMENT
Title LIBRO DEL AÑO 2011
250 ## - EDITION STATEMENT
Edition statement 1a ed.
260 ## - PUBLICATION, DISTRIBUTION, ETC.
Place of publication, distribution, etc. ESPAÑA :
Name of publisher, distributor, etc. PLANETA GRANDES PUBLICACIONES DE MEXICO,
Date of publication, distribution, etc. 2011
300 ## - PHYSICAL DESCRIPTION
Extent 268
Dimensions 22.5 x 2.5 x 28.5
520 ## - SUMMARY, ETC.
Summary, etc. ESTE LIBRO REUNE LOS HECHOS Y ACONTECIMIENTOS QUE FUERON NOTICIA A LO LARGO DEL 2011, ACOMPAÑADOS DE LOS DATOS MAS SIGNIFICATIVOS Y DE ANALISIS EN PROFUNDIDAD POR LO QUE SE CONVIERTE EN LA HERRAMIENTA MAS EFICAZ PARA ENTENDER LAS CLAVES DEL MUNDO QUE NOS RODEA.
650 14 - SUBJECT ADDED ENTRY--TOPICAL TERM
Topical term or geographic name entry element ANUARIOS
Existencias
Withdrawn status Lost status Source of classification or shelving scheme Damaged status Not for loan Collection code Home library Current library Shelving location Date acquired Source of acquisition Inventory number Total Checkouts Full call number Barcode Date last seen Price effective from Koha item type
    Dewey Decimal Classification     Referencia Biblioteca Karol Wojtyla Biblioteca Karol Wojtyla Área de silencio 03/12/2013 Compra 151000000000000000071635   '036 ENC 85159 05/01/2026 03/12/2013 Libro R